000 00489nam a22001697a 4500
005 20251108172020.0
008 250721s1987 xx 000 0 ara d
082 1 4 _a364.125/محم
100 1 _aالفيشاوي، محمود محمد قاسم
245 1 0 _aفن البصمة في خدمة العدالة /
264 1 _aعمان :
_c1987.
300 _a285ص
650 1 7 _aالتحقيق الجنائي
650 1 7 _aبصمات الأصابع
942 _2ddc
_cBK
999 _c68300
_d68300